000 00751cam a22002414a 4500
020 _a9780821368701
020 _a0821368702
020 _a9780821368718 (electronic)
020 _a0821368710 (electronic)
040 _cDLC
082 0 0 _a338 WOR 2008 A010 Or.
245 0 0 _aRemittances and development :
_blessons from Latin America /
260 _aWashington, D.C. :
_bWorld Bank,
_cc2008.
300 _axxiv, 383 p. :
_bill. ;
_c23 cm.
490 1 _aLatin American development forum series
650 0 _aEmigrant remittances
650 0 _aEconomic development
700 1 _aFajnzylber, Pablo.
700 1 _aLopez, J. Humberto.
710 2 _aWorld Bank.
856 4 1 _uhttp://www.loc.gov/catdir/toc/ecip0726/2007036235.html
942 _cEK
999 _c13730
_d13730